Alle Dortmunder Biermarken - Statistiken

Allgemein
  • Dieses Quiz wurde 44 mal gespielt
  • Das Durchschnittsergebnis liegt bei 5 aus 11
Antwortstatistiken
Marke % Korrekt
Brinkhoffs
87%
DAB
72%
Kronen
59%
Union
59%
Hansa
56%
Bergmann
54%
Hövels
41%
Stifts
33%
Borussia
26%
Ritter
23%
Thier
23%
Keine übereinstimmenden Quizze gefunden
Verteilung der Resultate
Anzahl Personen mit jedem Resultat
Perzentil nach korrekt beantworteten Fragen
Ihre Resultats-Entwicklung
Sie haben dieses Quiz noch nicht gespielt